00641nam a2200181 a 450000100100000000500170001000800410002702000180006804000250008610000350011124500650014626000510021130000210026258600520028350000380033550000560037350400300042900004607020201002052622.0150617s2011 dr 000 0 spa d a9789945469622 aDO-SdBNPbspacBNPHU1 aDarío Féliz, Welneld1974-10aHistoria de Barahona :b1801-1900 /cWelnel Darío Féliz. aSanto Domingo :bMinisterio de Cultura,c2011. a390 p. ;c23 cm. aPrimer premio (Sur) concurso de provincias 2010 aIncluye notas a pie de páginas. aIncluye datos biográficos del autor en la solapa. aBibliografía p: 383-390